[Event "14th Karpov GM"]
[Site "Poikovsky RUS"]
[Date "2013.08.28"]
[Round "1.1"]
[White "Jakovenko, Dmitry"]
[Black "Bologan, Viktor"]
[Result "1-0"]
[WhiteTitle "GM"]
[BlackTitle "GM"]
[WhiteElo "2724"]
[BlackElo "2672"]
[WhiteFideId "4122356"]
[BlackFideId "13900048"]
[EventDate "2013.08.28"]

1. Nf3 c5 2. c4 Nc6 3. Nc3 g6 4. e3 Nf6 5. d4 cxd4 6. exd4 d5 7. cxd5 Nxd5 8.
Qb3 Nxc3 9. Bc4 Nd5 10. Bxd5 e6 11. Bxc6+ bxc6 12. O-O Qd5 13. Bg5 Bg7 14. Rfc1
f6 15. Be3 Bf8 16. Nd2 Be7 17. Qc3 Bb7 18. f3 O-O 19. Ne4 Rfd8 20. Qe1 Qf5 21.
Nc5 Bc8 22. Qa5 Qd5 23. Qc7 Re8 24. Ne4 f5 25. Qxe7 Rxe7 26. Nf6+ Kf7 27. Nxd5
exd5 28. Bf4 Bb7 29. Kf2 Ke8 30. Bg5 Rf7 31. Rc3 f4 32. Re1+ Kd7 33. g3 fxg3+
34. hxg3 Re8 35. Rxe8 Kxe8 36. g4 Kd7 37. Kg3 Bc8 38. Bf4 Rf8 39. Bb8 a6 40. Be5
h5 41. gxh5 gxh5 42. Kh4 a5 43. f4 Ke6 44. Rxc6+ Kf5 45. Rc5 Be6 46. Rxa5 Rg8
47. Kxh5 Rg2 48. Kh6 Rxb2 49. Kg7 Bd7 50. Ra7 Bb5 51. a4 Bc4 52. a5 Ra2 53. Kf8
Ra1 54. Ke7 Ra2 55. Kd6 Ra1 56. Kc5 Ke4 57. Ra8 Ra2 58. Bc7 Rc2 59. Re8+ Kf5 60.
Re5+ Kf6 61. Bd8+ Kf7 62. f5 Rf2 63. Bg5 1-0

[Event "14th Karpov GM"]
[Site "Poikovsky RUS"]
[Date "2013.08.28"]
[Round "1.2"]
[White "Eljanov, Pavel"]
[Black "Nepomniachtchi, Ian"]
[Result "1/2-1/2"]
[WhiteTitle "GM"]
[BlackTitle "GM"]
[WhiteElo "2702"]
[BlackElo "2723"]
[WhiteFideId "14102951"]
[BlackFideId "4168119"]
[EventDate "2013.08.28"]

1. d4 Nf6 2. Nf3 g6 3. Bg5 Bg7 4. c3 d5 5. e3 O-O 6. Nbd2 Nbd7 7. Be2 b6 8. O-O
Bb7 9. b4 Re8 10. a4 a5 11. b5 e5 12. Rc1 Qe7 13. h3 Rad8 14. Qc2 Rc8 15. Bh4
Qf8 16. Qb3 h6 17. Rfd1 exd4 18. cxd4 Nh5 19. Ne1 Ndf6 20. Bxf6 Nxf6 21. Nd3 Qd6
22. Ne5 Bf8 23. Bd3 Qe6 24. f4 Nh5 25. Nf1 Ng7 26. Rd2 Bd6 27. Rf2 h5 28. g4
hxg4 29. hxg4 Bxe5 30. fxe5 c5 31. bxc6 Rxc6 32. Rxc6 Bxc6 33. Qxb6 Qxg4+ 34.
Rg2 Qe6 35. Bc2 Ra8 36. Nh2 Bd7 37. Qb7 Qe8 38. Ng4 Bxg4 39. Rxg4 Rc8 40. Rg2
Qe6 41. e4 dxe4 42. Qxe4 Rd8 43. Kh2 Qc4 44. d5 Qxd5 45. Qxd5 Rxd5 46. Rxg6 Rxe5
47. Bb3 Kf8 48. Rf6 Rf5 49. Rb6 Rf2+ 50. Kg1 Rb2 51. Rb8+ Ne8 52. Kf1 f5 53. Rb5
Nd6 54. Rd5 Ke7 55. Re5+ Kd8 56. Be6 f4 57. Rxa5 Ne4 58. Bd5 Ng3+ 59. Ke1 Re2+
60. Kd1 Re3 61. Rb5 f3 62. Rb2 Kc7 63. Ba8 Nf5 64. Rd2 Nh4 65. a5 Ra3 66. Rf2
Kd6 67. Kc1 Kc5 68. a6 Rxa6 69. Bxf3 1/2-1/2

[Event "14th Karpov GM"]
[Site "Poikovsky RUS"]
[Date "2013.08.28"]
[Round "1.3"]
[White "Inarkiev, Ernesto"]
[Black "Sutovsky, Emil"]
[Result "1-0"]
[WhiteTitle "GM"]
[BlackTitle "GM"]
[WhiteElo "2693"]
[BlackElo "2660"]
[WhiteFideId "4162722"]
[BlackFideId "2802007"]
[EventDate "2013.08.28"]

1. Nf3 Nf6 2. c4 g6 3. Nc3 d5 4. cxd5 Nxd5 5. Qb3 Nb6 6. d4 Bg7 7. Bf4 Be6 8.
Qa3 c5 9. e3 cxd4 10. Nxd4 Bxd4 11. Rd1 Nc6 12. exd4 Nd5 13. Bh6 Qb6 14. Be2
O-O-O 15. O-O Nxd4 16. Bg7 Nxe2+ 17. Nxe2 Rhe8 18. Be5 Nb4 19. Bd4 Qb5 20. Nc3
Qc4 21. b3 Nc2 22. Qc1 Qxd4 23. Rxd4 Nxd4 24. Nb5+ Nc6 25. Qf4 Rd7 26. Rc1 Kd8
27. Nxa7 Rd6 28. Nb5 1-0

[Event "14th Karpov GM"]
[Site "Poikovsky RUS"]
[Date "2013.08.28"]
[Round "1.4"]
[White "Cheparinov, Ivan"]
[Black "Laznicka, Viktor"]
[Result "1/2-1/2"]
[WhiteTitle "GM"]
[BlackTitle "GM"]
[WhiteElo "2678"]
[BlackElo "2677"]
[WhiteFideId "2905540"]
[BlackFideId "316385"]
[EventDate "2013.08.28"]

1. d4 d5 2. c4 c6 3. Nf3 Nf6 4. Nc3 a6 5. e3 b5 6. b3 Bg4 7. a4 b4 8. Ne2 dxc4
9. Ne5 Bxe2 10. Qxe2 cxb3 11. Qc4 Qd5 12. Qxb4 Nbd7 13. Bc4 Nxe5 14. dxe5 Qxe5
15. Qb7 Rd8 16. Qxc6+ Nd7 17. Rb1 h5 18. e4 e6 19. O-O Bd6 20. g3 O-O 21. Rxb3
Nc5 22. Rb6 Be7 23. Bxa6 Nxa6 24. Bf4 Qd4 25. Rxa6 h4 26. Be3 Qd3 27. Ra7 Bd6
28. gxh4 Bxh2+ 29. Kg2 Bb8 30. Ra8 Qe2 31. Rc1 Qg4+ 32. Kf1 Rd3 33. Qb6 Rfd8 34.
Rxb8 Rd1+ 35. Rxd1 Qxd1+ 36. Kg2 Qg4+ 37. Kf1 Qd1+ 38. Kg2 1/2-1/2

[Event "14th Karpov GM"]
[Site "Poikovsky RUS"]
[Date "2013.08.29"]
[Round "2.1"]
[White "Inarkiev, Ernesto"]
[Black "Jakovenko, Dmitry"]
[Result "1/2-1/2"]
[WhiteTitle "GM"]
[BlackTitle "GM"]
[WhiteElo "2693"]
[BlackElo "2724"]
[WhiteFideId "4162722"]
[BlackFideId "4122356"]
[EventDate "2013.08.28"]

1. d4 Nf6 2. c4 e6 3. Nc3 Bb4 4. Qc2 O-O 5. a3 Bxc3+ 6. Qxc3 b6 7. Bg5 Bb7 8. e3
d6 9. Ne2 Nbd7 10. Qc2 h6 11. Bh4 c5 12. Rd1 cxd4 13. Rxd4 Qc7 14. Nc3 d5 15.
cxd5 Nxd5 16. Rc4 Qb8 17. Be2 Nxc3 18. Qxc3 Bd5 19. Bg3 e5 20. Rc7 Rc8 21. Rxc8+
Qxc8 22. O-O Qxc3 23. bxc3 Rc8 1/2-1/2

[Event "14th Karpov GM"]
[Site "Poikovsky RUS"]
[Date "2013.08.29"]
[Round "2.2"]
[White "Nepomniachtchi, Ian"]
[Black "Cheparinov, Ivan"]
[Result "1-0"]
[WhiteTitle "GM"]
[BlackTitle "GM"]
[WhiteElo "2723"]
[BlackElo "2678"]
[WhiteFideId "4168119"]
[BlackFideId "2905540"]
[EventDate "2013.08.28"]

1. e4 e5 2. Nf3 d6 3. Bc4 Nf6 4. Nc3 Be7 5. O-O O-O 6. Re1 Nc6 7. a3 Bg4 8. h3
Bh5 9. d3 Qd7 10. Be3 Nd4 11. Bxd4 exd4 12. Nd5 Nxd5 13. Bxd5 c6 14. Bb3 Bxf3
15. Qxf3 Rae8 16. Qg4 Qxg4 17. hxg4 g6 18. g3 Kg7 19. Kg2 Bd8 20. f4 Ba5 21. Re2
h6 22. Kf3 Rh8 23. Rh1 Re7 24. Ba2 Ree8 25. Reh2 Bd8 26. a4 Ba5 27. Rb1 Bd8 28.
b4 b6 29. b5 c5 30. Rbh1 Bf6 31. Bd5 Bd8 32. Ke2 Rh7 33. Kf3 Reh8 34. Rh3 h5 35.
g5 f6 36. gxf6+ Bxf6 37. Ra1 Bd8 38. Kg2 Rf8 39. Rah1 Rfh8 40. R3h2 Rh6 41. Rf1
Rf8 42. Rhh1 Rhh8 43. Re1 h4 44. Ref1 hxg3 45. Rxh8 Rxh8 46. Kxg3 Rf8 47. Ra1
Rh8 48. Rg1 Rf8 49. Be6 Kf6 50. Bd7 Rf7 51. Bc6 Rh7 52. Re1 Bc7 53. Bd5 Rh8 54.
Bb3 g5 55. fxg5+ Kxg5 56. Rg1 Rf8 57. Bd5 Bd8 58. Kh3+ Kf6 59. Rg4 Rh8+ 60. Kg2
Rh7 61. Kf3 Ke7 62. Bc6 Kf8 63. Bd5 Ke7 64. Ke2 Kd7 65. Rg8 Kc7 66. Kd2 Re7 67.
Kc1 Re5 68. Kb2 Re7 69. Kb3 Re5 70. Rh8 Re7 71. Kc4 Re5 72. Rh6 Kd7 73. Bg8 Kc7
74. Be6 Be7 75. Bg4 Bd8 76. Bh3 Re7 77. Be6 Re8 78. Kd5 Re7 79. Rg6 Re8 80. Rg1
Re7 81. Ra1 Rg7 82. Bf5 Re7 83. Be6 Rg7 84. Rh1 Re7 85. Rf1 Re8 86. Ra1 Rf8 87.
a5 bxa5 88. Rxa5 Kb7 89. Ra1 Bc7 90. Bd7 Rh8 91. Bc6+ Kb8 92. Rf1 Rh5+ 93. Rf5
Rh8 94. Rf7 Rh5+ 95. Ke6 Rh6+ 96. Kd7 Rh8 97. Bd5 1-0

[Event "14th Karpov GM"]
[Site "Poikovsky RUS"]
[Date "2013.08.29"]
[Round "2.3"]
[White "Onischuk, Alexander"]
[Black "Eljanov, Pavel"]
[Result "1/2-1/2"]
[WhiteTitle "GM"]
[BlackTitle "GM"]
[WhiteElo "2667"]
[BlackElo "2702"]
[WhiteFideId "14101025"]
[BlackFideId "14102951"]
[EventDate "2013.08.28"]

1. d4 d5 2. c4 c6 3. Nf3 Nf6 4. Nc3 a6 5. e3 e6 6. b3 Bb4 7. Bd2 Nbd7 8. Bd3 O-O
9. O-O Qe7 10. Ne5 Nxe5 11. dxe5 Nd7 12. f4 g6 13. Ne2 Bxd2 14. Qxd2 f6 15. exf6
Nxf6 16. Ng3 e5 17. cxd5 cxd5 18. f5 e4 19. Be2 Qe5 20. fxg6 hxg6 21. Rac1 Be6
22. Qb4 Rf7 23. Qc3 Qxc3 24. Rxc3 Rd8 25. Rd1 Kg7 26. Rd2 Rdf8 27. Rc1 1/2-1/2

[Event "14th Karpov GM"]
[Site "Poikovsky RUS"]
[Date "2013.08.29"]
[Round "2.4"]
[White "Sutovsky, Emil"]
[Black "Laznicka, Viktor"]
[Result "1-0"]
[WhiteTitle "GM"]
[BlackTitle "GM"]
[WhiteElo "2660"]
[BlackElo "2677"]
[WhiteFideId "2802007"]
[BlackFideId "316385"]
[EventDate "2013.08.28"]

1. e4 c5 2. Nf3 e6 3. Nc3 a6 4. d4 cxd4 5. Nxd4 Nc6 6. Nxc6 bxc6 7. Bd3 d5 8.
O-O Nf6 9. Qe2 Be7 10. b3 O-O 11. Bb2 Bb7 12. Rae1 Re8 13. f4 Bf8 14. Qf3 d4 15.
Nb1 c5 16. Nd2 g6 17. Qh3 Qc7 18. e5 Nd5 19. Ne4 Bg7 20. Qh4 Ne3 21. Rxe3 dxe3
22. Nf6+ Bxf6 23. exf6 Qd6 24. Be5 Qf8 25. Re1 c4 26. bxc4 Qc5 27. Kf1 Rad8 28.
Rxe3 Rxd3 29. Rxd3 h5 30. Qg5 Be4 31. Rd4 Bxc2 32. Qh6 Qf8 33. Qg7+ 1-0

[Event "14th Karpov GM"]
[Site "Poikovsky RUS"]
[Date "2013.08.30"]
[Round "3.1"]
[White "Jakovenko, Dmitry"]
[Black "Sutovsky, Emil"]
[Result "1/2-1/2"]
[WhiteTitle "GM"]
[BlackTitle "GM"]
[WhiteElo "2724"]
[BlackElo "2660"]
[WhiteFideId "4122356"]
[BlackFideId "2802007"]
[EventDate "2013.08.28"]

1. e4 e5 2. Nf3 Nc6 3. Bb5 a6 4. Ba4 Nf6 5. O-O Nxe4 6. d4 b5 7. Bb3 d5 8. dxe5
Be6 9. Nbd2 Be7 10. c3 O-O 11. Bc2 f5 12. exf6 Nxf6 13. a4 b4 14. Qe2 Qd7 15.
Re1 Bg4 16. h3 Bh5 17. Qe6+ Qxe6 18. Rxe6 Bd6 19. a5 Nd7 20. Re3 Bc5 21. Bb3
Bxe3 22. Bxd5+ Bf7 23. Bxc6 bxc3 24. fxe3 cxd2 25. Bxd2 Rad8 26. Bb4 Rfe8 27.
Ng5 Bb3 28. Ra3 h6 29. Rxb3 hxg5 30. Rc3 Kh7 31. Bb7 Nf6 32. Rxc7 Nd5 33. Bxd5
Rxd5 34. Bc5 g4 35. hxg4 Re4 36. b4 Rxg4 37. Bd4 Rdg5 38. Rc2 Kg6 39. Kf1 Rf5+
40. Rf2 Rh4 41. Rxf5 1/2-1/2

[Event "14th Karpov GM"]
[Site "Poikovsky RUS"]
[Date "2013.08.30"]
[Round "3.3"]
[White "Cheparinov, Ivan"]
[Black "Onischuk, Alexander"]
[Result "1/2-1/2"]
[WhiteTitle "GM"]
[BlackTitle "GM"]
[WhiteElo "2678"]
[BlackElo "2667"]
[WhiteFideId "2905540"]
[BlackFideId "14101025"]
[EventDate "2013.08.28"]

1. e4 e5 2. Nf3 Nc6 3. Bb5 a6 4. Ba4 Nf6 5. O-O Be7 6. d3 d6 7. c3 b5 8. Bc2 O-O
9. Nbd2 Re8 10. Re1 Bf8 11. h3 g6 12. Nf1 Bg7 13. Bg5 h6 14. Bh4 Nb8 15. d4 Nbd7
16. Ne3 Bb7 17. dxe5 dxe5 18. Ng4 g5 19. Nxg5 hxg5 20. Bxg5 Re6 21. Bb3 Rd6 22.
Qf3 Qf8 23. Bxf6 Bxf6 24. Rad1 Bg7 25. Rxd6 cxd6 26. Qf5 Qe7 27. Re3 Nc5 28. Rg3
Kf8 29. Bd5 Bxd5 30. exd5 e4 31. Ne3 Qf6 32. Qg4 Qg6 33. Qe2 Qf6 34. Qg4 Qg6 35.
Qe2 Qf6 1/2-1/2

[Event "14th Karpov GM"]
[Site "Poikovsky RUS"]
[Date "2013.08.30"]
[Round "3.4"]
[White "Eljanov, Pavel"]
[Black "Bologan, Viktor"]
[Result "1/2-1/2"]
[WhiteTitle "GM"]
[BlackTitle "GM"]
[WhiteElo "2702"]
[BlackElo "2672"]
[WhiteFideId "14102951"]
[BlackFideId "13900048"]
[EventDate "2013.08.28"]

1. c4 e5 2. Nc3 Bb4 3. Qb3 Nc6 4. e3 Nf6 5. Nge2 O-O 6. a3 Bxc3 7. Nxc3 Re8 8.
d3 b6 9. Be2 Bb7 10. O-O d5 11. cxd5 Na5 12. Qc2 Nxd5 13. b4 Nxc3 14. Qxc3 Nc6
15. b5 Na5 16. a4 c6 17. Qb2 cxb5 18. axb5 a6 19. Bd2 axb5 20. Bc3 Qg5 21. e4
Bc6 22. h4 Qxh4 23. Bxe5 Re6 24. Bg3 Qg5 25. Qc1 Qg6 26. Qf4 Rae8 27. Qh4 Nb3
28. Ra7 Qf6 29. Qxf6 gxf6 30. Rb1 Nd4 31. Bd1 R6e7 32. Rxe7 Rxe7 33. f3 Rd7 34.
Kf2 Ne6 35. Ke3 f5 36. Be5 fxe4 37. dxe4 Ra7 38. Bb2 Nc5 39. Ra1 Rxa1 40. Bxa1
b4 41. Be2 Kf8 42. g4 Ke7 43. g5 Ba4 44. Bd4 Bb3 45. Bd3 Ba2 46. Bb5 Kd6 47. Bd3
Kc6 48. f4 b5 49. Kd2 Nxd3 50. Kxd3 Bb1+ 51. Ke3 b3 52. f5 Kb7 53. Bc3 Kc6 54.
Kd4 Bc2 55. f6 Bd1 56. Bb2 Bg4 57. Bc3 Bd7 58. Bb2 Be6 59. Ba3 Kb6 60. Kc3 Ka5
61. Bf8 Ka4 62. Kb2 Bg4 63. Bh6 Bf3 64. Bf8 Bxe4 65. Bh6 Kb4 1/2-1/2

[Event "14th Karpov GM"]
[Site "Poikovsky RUS"]
[Date "2013.08.30"]
[Round "3.5"]
[White "Laznicka, Viktor"]
[Black "Nepomniachtchi, Ian"]
[Result "1/2-1/2"]
[WhiteTitle "GM"]
[BlackTitle "GM"]
[WhiteElo "2677"]
[BlackElo "2723"]
[WhiteFideId "316385"]
[BlackFideId "4168119"]
[EventDate "2013.08.28"]

1. d4 Nf6 2. c4 g6 3. Nf3 Bg7 4. g3 d5 5. cxd5 Nxd5 6. Bg2 Nb6 7. Nc3 Nc6 8. e3
O-O 9. O-O e6 10. b3 Qe7 11. a4 Rd8 12. Ba3 Qe8 13. Nd2 Nd5 14. Nxd5 exd5 15. b4
Ne7 16. b5 Nf5 17. Qc2 c6 18. bxc6 bxc6 19. Rfc1 Bd7 20. Nb3 h5 21. Nc5 Bc8 22.
Nd3 h4 23. Ne5 h3 24. Qxc6 Bxe5 25. Qxe8+ Rxe8 26. Bxd5 Bxd4 27. Bxa8 Bxa1 28.
Rxa1 Bd7 29. Bf3 Bxa4 30. Bg4 a5 31. Bxh3 Bb3 32. Rc1 a4 33. Bg4 Rd8 34. h4 Nd6
35. Be2 Ne4 36. Bb4 Rb8 37. Be7 Be6 38. Bd3 f5 39. g4 Rb7 40. gxf5 gxf5 41. Ba3
Rb3 42. Bxe4 fxe4 43. Rc6 Kf7 44. Bd6 a3 45. Ra6 a2 46. Be5 Rb5 47. Bd4 1/2-1/2

[Event "14th Karpov GM"]
[Site "Poikovsky RUS"]
[Date "2013.09.01"]
[Round "4.2"]
[White "Inarkiev, Ernesto"]
[Black "Eljanov, Pavel"]
[Result "0-1"]
[WhiteTitle "GM"]
[BlackTitle "GM"]
[WhiteElo "2693"]
[BlackElo "2702"]
[WhiteFideId "4162722"]
[BlackFideId "14102951"]
[EventDate "2013.08.28"]

1. e4 c6 2. d4 d5 3. Nc3 dxe4 4. Nxe4 Bf5 5. Ng3 Bg6 6. h4 h6 7. Nf3 e6 8. Ne5
Bh7 9. Bd3 Bxd3 10. Qxd3 Nd7 11. f4 Bb4+ 12. c3 Be7 13. Bd2 Ngf6 14. O-O-O c5
15. Be3 O-O 16. Kb1 Qc7 17. Ne4 Nxe4 18. Qxe4 Nxe5 19. dxe5 Rfd8 20. h5 Rxd1+
21. Rxd1 Rd8 22. Rxd8+ Qxd8 23. Kc2 Qd7 24. b3 Bf8 25. g4 Qb5 26. Bd2 Qa6 27.
Kb2 Qf1 28. Qxb7 Qe2 29. Kc2 Qxg4 30. Qxa7 Qxh5 31. Qb7 Qg6+ 32. Kc1 Qg1+ 33.
Kc2 h5 34. a4 h4 35. Qf3 c4 36. b4 Qa1 37. f5 Qxa4+ 38. Kc1 exf5 39. Qxf5 Qc6
40. Qg4 Be7 41. Kb2 Qd5 42. Be3 Qxe5 43. Bd4 Qh2+ 44. Ka3 Bf8 45. Qc8 h3 46. Ka4
Qc2+ 47. Kb5 h2 48. Qa8 Qc1 0-1

[Event "14th Karpov GM"]
[Site "Poikovsky RUS"]
[Date "2013.09.01"]
[Round "4.3"]
[White "Sutovsky, Emil"]
[Black "Nepomniachtchi, Ian"]
[Result "1/2-1/2"]
[WhiteTitle "GM"]
[BlackTitle "GM"]
[WhiteElo "2660"]
[BlackElo "2723"]
[WhiteFideId "2802007"]
[BlackFideId "4168119"]
[EventDate "2013.08.28"]

1. Nf3 Nf6 2. c4 c5 3. Nc3 d5 4. cxd5 Nxd5 5. e4 Nb4 6. Bc4 Nd3+ 7. Ke2 Nf4+ 8.
Kf1 Nd3 9. Ke2 Nf4+ 10. Kf1 Nd3 11. Qe2 Nxc1 12. Rxc1 e6 13. h4 a6 14. e5 Nc6
15. h5 h6 16. Rh3 b5 17. Bd3 Bb7 18. Be4 Qb6 19. a4 b4 20. Nb1 O-O-O 21. d3 Qa5
22. b3 Qc7 23. Nbd2 Kb8 24. Rg3 Rg8 25. Bh7 Rh8 26. Be4 Rg8 27. d4 Nxd4 28. Nxd4
Rxd4 29. Bxb7 Qxb7 30. Rf3 g6 31. Nc4 gxh5 32. Na5 Qd5 33. g3 Be7 34. Qxa6 Qxf3
35. Qb6+ Kc8 36. Rxc5+ Bxc5 37. Qxc5+ Kd7 38. Qxd4+ Ke8 39. Qxb4 Qd1+ 40. Kg2
Qd5+ 41. Kh2 Qxe5 42. Nc4 Rg4 43. Nd6+ Kd7 44. Qb7+ Kxd6 45. Qb8+ Kd5 46. Qb5+
Ke4 47. f3+ Kf5 48. Qd3+ Kf6 49. fxg4 hxg4 50. Qd2 h5 51. a5 Kg6 52. a6 h4 53.
a7 hxg3+ 54. Kg2 Qh8 55. Kxg3 Qh3+ 56. Kf2 Qh2+ 57. Ke3 Qg3+ 58. Kd4 Qd6+ 59.
Ke3 Qg3+ 60. Kd4 Qd6+ 61. Ke3 Qe5+ 62. Kf2 Qh2+ 63. Ke3 Qg3+ 1/2-1/2

[Event "14th Karpov GM"]
[Site "Poikovsky RUS"]
[Date "2013.09.01"]
[Round "4.4"]
[White "Onischuk, Alexander"]
[Black "Laznicka, Viktor"]
[Result "1-0"]
[WhiteTitle "GM"]
[BlackTitle "GM"]
[WhiteElo "2667"]
[BlackElo "2677"]
[WhiteFideId "14101025"]
[BlackFideId "316385"]
[EventDate "2013.08.28"]

1. d4 d5 2. c4 dxc4 3. e4 Nf6 4. e5 Nd5 5. Bxc4 Nb6 6. Bd3 Nc6 7. Ne2 Bg4 8. Be3
Bxe2 9. Bxe2 Qd7 10. Nc3 O-O-O 11. a4 Nxd4 12. a5 Nxe2 13. Qxe2 Nd5 14. O-O Nxc3
15. bxc3 Qd3 16. Qg4+ Qd7 17. Qc4 Qd5 18. Qa4 Qd7 19. Qb3 Qd5 20. c4 Qc6 21. a6
b6 22. c5 e6 23. cxb6 axb6 24. Rfc1 Bc5 25. Bxc5 bxc5 26. a7 Qa8 27. Rxc5 Rd5
28. Rxd5 exd5 29. Qh3+ Kd8 30. Qh4+ Ke8 31. Qg4 Rg8 32. e6 1-0

[Event "14th Karpov GM"]
[Site "Poikovsky RUS"]
[Date "2013.09.01"]
[Round "4.5"]
[White "Bologan, Viktor"]
[Black "Cheparinov, Ivan"]
[Result "1-0"]
[WhiteTitle "GM"]
[BlackTitle "GM"]
[WhiteElo "2672"]
[BlackElo "2678"]
[WhiteFideId "13900048"]
[BlackFideId "2905540"]
[EventDate "2013.08.28"]

1. d4 Nf6 2. c4 g6 3. f3 d5 4. cxd5 Nxd5 5. e4 Nb6 6. Nc3 Bg7 7. Be3 O-O 8. Qd2
e5 9. d5 c6 10. Rd1 cxd5 11. exd5 N8d7 12. Nh3 e4 13. fxe4 Ne5 14. Nf2 Nbc4 15.
Bxc4 Nxc4 16. Qe2 Nxe3 17. Qxe3 Qb6 18. Qxb6 axb6 19. O-O Bd7 20. h3 h5 21. Nd3
Rfe8 22. Nb4 Be5 23. Rf3 Kg7 24. Nc2 Bxc3 25. Rxc3 Rxa2 26. Rc7 Ba4 27. Rf1 Bxc2
28. Rfxf7+ Kg8 29. Rg7+ Kh8 30. Rh7+ Kg8 31. Rcg7+ Kf8 32. Rxb7 Kg8 33. Rbg7+
Kf8 34. Rc7 Kg8 35. Rhg7+ Kh8 36. d6 Raa8 37. Rh7+ Kg8 38. Rcg7+ Kf8 39. d7 Red8
40. Rf7+ Kg8 41. e5 Bf5 42. Rfg7+ Kf8 43. Re7 Kg8 44. Rhg7+ Kh8 45. Rgf7 Rxd7
46. Rxd7 Bxd7 47. Rxd7 Ra5 48. e6 Re5 49. e7 Kg8 50. Rb7 Kf7 51. Rxb6 Rxe7 52.
Kf2 Re4 53. Rb3 Kf6 54. Re3 Rb4 55. b3 Kf5 56. Ke2 g5 57. Kd2 Rb8 58. Kc3 Rc8+
59. Kb2 Rb8 60. Rc3 Kf4 61. g3+ Ke4 62. Rc5 Rg8 63. b4 Kf3 64. Rc3+ Kg2 65. g4
h4 66. Kb3 Rb8 67. Rd3 Kh2 68. Re3 Kg2 69. Kc4 Rc8+ 70. Kd5 Rd8+ 71. Kc5 Rc8+
72. Kd6 Rd8+ 73. Ke7 Rb8 74. Rb3 Rb5 75. Kd6 1-0

[Event "14th Karpov GM"]
[Site "Poikovsky RUS"]
[Date "2013.09.02"]
[Round "5.1"]
[White "Eljanov, Pavel"]
[Black "Jakovenko, Dmitry"]
[Result "1-0"]
[WhiteTitle "GM"]
[BlackTitle "GM"]
[WhiteElo "2702"]
[BlackElo "2724"]
[WhiteFideId "14102951"]
[BlackFideId "4122356"]
[EventDate "2013.08.28"]

1. d4 Nf6 2. c4 e6 3. Nc3 Bb4 4. Qc2 O-O 5. Nf3 c5 6. dxc5 Na6 7. c6 bxc6 8. e3
d5 9. Be2 Ne4 10. O-O Nxc3 11. bxc3 Be7 12. Rb1 Nc5 13. Ba3 Ne4 14. Bxe7 Qxe7
15. Bd3 Nf6 16. Ne5 Qd6 17. f4 Ba6 18. Qa4 Bxc4 19. Bxc4 dxc4 20. Qxc4 Nd5 21.
Rfd1 Qa3 22. Qb3 Qxb3 23. Rxb3 Nxe3 24. Rd7 Nd5 25. c4 Nb6 26. Rc7 c5 27. h4 g6
28. h5 f6 29. Ng4 g5 30. fxg5 fxg5 31. Nh6+ Kh8 32. Nf7+ Kg8 33. Nxg5 h6 34. Nh7
Rf5 35. Rg3+ Kh8 36. Rg6 1-0

[Event "14th Karpov GM"]
[Site "Poikovsky RUS"]
[Date "2013.09.02"]
[Round "5.2"]
[White "Nepomniachtchi, Ian"]
[Black "Onischuk, Alexander"]
[Result "1/2-1/2"]
[WhiteTitle "GM"]
[BlackTitle "GM"]
[WhiteElo "2723"]
[BlackElo "2667"]
[WhiteFideId "4168119"]
[BlackFideId "14101025"]
[EventDate "2013.08.28"]

1. e4 e5 2. Nf3 Nc6 3. d4 exd4 4. Nxd4 Nf6 5. Nxc6 bxc6 6. e5 Qe7 7. Qe2 Nd5 8.
c4 Nb6 9. Nc3 Qe6 10. Qe4 g6 11. Bf4 Bg7 12. O-O-O Bb7 13. h4 O-O-O 14. c5 Nd5
15. Nxd5 cxd5 16. Qa4 a6 17. Rh3 Rhe8 18. Ra3 f6 19. Bxa6 Bxa6 20. Qxa6+ Qxa6
21. Rxa6 fxe5 22. Bg5 Kb7 23. Bxd8 Kxa6 24. Bxc7 Kb5 25. Bd6 Kc6 26. Re1 e4 27.
a4 Bf8 28. Kd2 Bxd6 29. cxd6 Kxd6 30. b4 Rf8 31. Ke2 Rc8 32. Ra1 d4 33. Kd2 Rc4
34. Rb1 Kc6 35. f3 d5 36. b5+ Kb6 37. fxe4 dxe4 38. a5+ Kxa5 39. b6 Rc8 40. b7
Rb8 41. Re1 Rxb7 1/2-1/2

[Event "14th Karpov GM"]
[Site "Poikovsky RUS"]
[Date "2013.09.02"]
[Round "5.4"]
[White "Laznicka, Viktor"]
[Black "Bologan, Viktor"]
[Result "1-0"]
[WhiteTitle "GM"]
[BlackTitle "GM"]
[WhiteElo "2677"]
[BlackElo "2672"]
[WhiteFideId "316385"]
[BlackFideId "13900048"]
[EventDate "2013.08.28"]

1. d4 Nf6 2. c4 e6 3. Nf3 b6 4. g3 Ba6 5. b3 Bb4+ 6. Bd2 Be7 7. Nc3 d5 8. cxd5
exd5 9. Bg2 O-O 10. O-O Re8 11. Rc1 Nbd7 12. Ne5 Bb7 13. Bg5 Nf8 14. e3 c6 15.
f4 Rc8 16. Qf3 Rc7 17. Rc2 h6 18. Bh4 N6h7 19. Bxe7 Rcxe7 20. Na4 Qd6 21. Rfc1
Rc7 22. Nc3 Rce7 23. Nd1 Rc8 24. Nc3 Nf6 25. Nb5 cxb5 26. Rxc8 Bxc8 27. Rxc8 Rc7
28. Rxc7 Qxc7 29. Qe2 a6 30. Qd2 Ne6 31. Kf2 Nd8 32. g4 Nb7 33. g5 hxg5 34. fxg5
Ne4+ 35. Bxe4 dxe4 36. Kg2 Nd6 37. Qf2 Qc8 38. Qf4 Qc2+ 39. Kg3 Qc8 40. g6 f6
41. Ng4 Qe6 42. d5 Qd7 43. h4 Kf8 44. Kh3 Ke7 45. h5 Qf5 46. Qxf5 Nxf5 47. Nf2
Nxe3 48. h6 gxh6 49. d6+ 1-0

[Event "14th Karpov GM"]
[Site "Poikovsky RUS"]
[Date "2013.09.02"]
[Round "5.5"]
[White "Cheparinov, Ivan"]
[Black "Inarkiev, Ernesto"]
[Result "0-1"]
[WhiteTitle "GM"]
[BlackTitle "GM"]
[WhiteElo "2678"]
[BlackElo "2693"]
[WhiteFideId "2905540"]
[BlackFideId "4162722"]
[EventDate "2013.08.28"]

1. d4 Nf6 2. c4 e6 3. Nf3 b6 4. g3 Bb7 5. Bg2 c5 6. O-O cxd4 7. Qxd4 Nc6 8. Qf4
d6 9. Rd1 Be7 10. b3 Qc7 11. Nc3 a6 12. Ba3 Ne5 13. Ng5 Bxg2 14. Kxg2 O-O 15.
Nge4 Nxe4 16. Nxe4 Ng6 17. Qf3 d5 0-1

[Event "14th Karpov GM"]
[Site "Poikovsky RUS"]
[Date "2013.09.03"]
[Round "6.2"]
[White "Sutovsky, Emil"]
[Black "Onischuk, Alexander"]
[Result "1-0"]
[WhiteTitle "GM"]
[BlackTitle "GM"]
[WhiteElo "2660"]
[BlackElo "2667"]
[WhiteFideId "2802007"]
[BlackFideId "14101025"]
[EventDate "2013.08.28"]

1. e4 e5 2. Nf3 Nc6 3. Bb5 a6 4. Ba4 Nf6 5. O-O Be7 6. Re1 b5 7. Bb3 O-O 8. d4
Nxd4 9. Nxd4 exd4 10. e5 Ne8 11. c3 dxc3 12. Nxc3 d6 13. Nd5 Be6 14. Nxe7+ Qxe7
15. Qf3 Rc8 16. Bc2 d5 17. Qg3 f5 18. exf6 Nxf6 19. Bf5 Ne4 20. Bxe4 dxe4 21.
Rxe4 Qf7 22. Bd2 Bf5 23. Re5 c5 24. Rae1 Rfe8 25. h4 Bg6 26. a3 Qd7 27. Bc3 Rxe5
28. Rxe5 b4 29. axb4 cxb4 30. Bxb4 Qd3 31. Re3 Qb1+ 32. Kh2 Qxb2 33. Qg4 Rd8 34.
Bc3 Qb8+ 35. Rg3 Rd5 36. Qe6+ Bf7 37. Qe7 Qf4 38. Bb4 Bg6 39. Qe6+ Qf7 40. Rf3 1-0